00447 2200169 4500001002100000005001500021008004100036020002200077035001900099041000700118082001200125090001800137100001900155245003400174260005000208300001900258INLIS00000000002239320241224131254241224||||||||| | ||| |||| || |  a978-602-257-507-8 0010-1224022393 aid0 a297.246 a297.246 NEL t0 aNelfi Syafrina00aTEKA-TEKI ABU DZAR AL-GHIFARY aSolobPT Tiga Serangkai Pustaka Mandiric2013 a24 lm.;26,5 cm